000 00592nam a22001937a 4500
003 OSt
005 20251125115210.0
008 251125b |||||||| |||| 00| 0 eng d
040 _aDWCL-Main lib
_cOC
082 _21999 ed.
_aFil. 343.053 B188t 1999
100 _aBallada , Win Lu
245 _aTransfer and business taxation made easy 1999 ed./
_cBallada , Win Lu
250 _a1999 ed.
260 _aManila :
_bDomDane Publishers,
_cc1999.
300 _avarious paging :
_c25 cm.
650 _aInheritance and transfer tax.
650 _aTaxation.
942 _2ddc
_cBK-FIL
_e1999 ed.
_kFil.
_n0
999 _c6253
_d6253